Missing Word: Comedy Central Quiz Stats

Quiz Updated Jan 30, 2015

Challenge
Share
Tweet
Embed
Score 0/16 Timer 03:00
1 Play Today
Program Missing Word % Correct
_____ ParkSouth
93.5%
The Colbert _____Report
90.4%
The Daily Show with Jon _____Stewart
88.6%
The _____ Silverman ProgramSarah
78.1%
_____.0Tosh
75%
_____ 911!Reno
74.3%
_____ and PeeleKey
58.2%
The _____ Dunham ShowJeff
51.3%
Program Missing Word % Correct
Inside _____ SchumerAmy
50%
Kroll _____Show
47.8%
Drunk _____History
37.7%
Drawn _____Together
32.6%
The Jeselnik _____Offensive
16.3%
Nathan for _____You
15.9%
Ugly _____Americans
13.3%
The _____ with Jeff RossBurn
7.2%

Today's Daily Dose

Quick Pick
Overwatch Maps

On This Day
May 26th II

You're not logged in!

Compare scores with friends on all Sporcle quizzes.
Join for Free
OR
Log In

You Might Also Like...

Show Comments

Extras

Top Quizzes Today


Score Distribution

Your Account Isn't Verified!

In order to create a playlist on Sporcle, you need to verify the email address you used during registration. Go to your Sporcle Settings to finish the process.

Report this User

Report this user for behavior that violates our Community Guidelines.

Details: